1739 1956 1363 1758 1614 1419 1518 1301 1657 1560 1586 1292 1191 1073 1066 1081 1852 1630 1670 1537 1588 1168 1628 1333 1941 1044 1659 1988 1314 1895 1525 1185 1013 1591 1203 1967 1084 1897 1604 1998 1122 1070 1379 1632 1120 1074 1503 1021 1075 1198 1740 1070 1299 1536 1197 1448 1577 1101 1578 1649 1259 1343 1984 1277 1977 1337 1641 1540 1375 1845 1611 1892 1812 1143 1726 1088 1516 1747 1796 1557 1500 1488 1302 1082 1104 1249 1219 1903 1134 1422 1839 1846 1942 1853 1617 1509 1304 1258 1024 BCNSPRNW ULIB Ver.6.0+V

เปลี่ยนเป็นภาษาไทย

Change to English
 แสดงรายละเอียดบรรณานุกรม
  กลับหน้าหลัก

Brief Record : Get Marc (ISO 2709) : E-mail record : QR code < ปิดหน้าต่าง
LEADER : 00000nam 2200000uu 4500
001    13399119959
003     ULIB
008    120817s2549||||th 000 0 tha d
020    ^a9749508777
060 04 ^aWB100^bส661ค 2549
100 1  ^aสายพิณ หัตถีรัตน์
245 10 ^aคู่มือหมอครอบครัวฉบับสมบรูณ์ =^bFamily Medicine Handbook /^cสายพิณ หัตถีรัตน์; บรรณาธิการ สุรเกียรติ อาชานานุภาพ
250    ^aพิมพ์ครั้งที่ 2
260    ^aกรุงเทพฯ :^bหมอชาวบ้าน,^c2549
300    ^a16 ; 348 หน้า :^bภาพประกอบ ;^c23 ซม.
650  7 ^aผู้ป่วย^xการดูแล
650  7 ^aสุขภาพ
650  7 ^aเวชศาสตร์ครอบครัว
700 0  ^aสุรเกียรติ อาชานานุภาพ,^eบรรณาธิการ
945    ^p320^l0^i24847
945    ^p320^l0^i14345
995    ^aกัณชพร
999 ^a ใช้งานได้ทุกระบบ
รายการนี้ยังไม่มีแท็ก
คุณยังไม่ได้ล็อกอิน คุณสามารถมีกิจกรรมร่วมกับเว็บไซต์ได้ แต่ต้องล็อกอินก่อน ::
  ล็อกอิน

รายการสื่อสารสนเทศ

ลำดับที่ ประเภท เลขเรียก/บาร์โค้ด สถานที่ สถานะ
- ไม่พบข้อมูล -

รายการใกล้เคียง
    ผู้แต่ง [สายพิณ หัตถีรัตน์]

    หัวเรื่อง [ผู้ป่วย การดูแล]
    หัวเรื่อง [สุขภาพ]
    หัวเรื่อง [เวชศาสตร์ครอบครัว]

BibComment


ยังไม่เคยถูกคอมเมนท์

คอมเมนท์ทรัพยากรรายการนี้
  คอมเมนท์: คู่มือหมอครอบครั..


 Copyright 2026. Bcnsprnw @Library